Economic analysis and moral philosophy

Αποθηκεύτηκε σε:
Λεπτομέρειες βιβλιογραφικής εγγραφής
Κύριος συγγραφέας: Hausman, Daniel M. 1947-
Άλλοι συγγραφείς: McPherson, Michael S.
Μορφή: Βιβλίο
Γλώσσα:English
Δημοσίευση: Cambridge : Cambridge University Press, 1998
Σειρά:Cambridge surveys of economic literature
Θέματα:
Ετικέτες: Προσθήκη ετικέτας
Δεν υπάρχουν, Καταχωρήστε ετικέτα πρώτοι!

MARC

LEADER 00000nam a2200000 i 4500
001 1/96653
008 991215s1998 eng d
020 |a 0-521-55850-6 
035 |l 10055843 
040 |a GR-MY-UA  |b gre  |e aacr 
041 0 |a eng 
082 0 |a 330 
100 1 |a Hausman, Daniel M.  |d 1947- 
245 1 0 |a Economic analysis and moral philosophy /  |c Daniel M. Hausman; Michael S. McPherson 
260 |a Cambridge :   |b Cambridge University Press,   |c 1998 
300 |a 249 p. 
490 1 |a Cambridge surveys of economic literature 
504 |a Includes bibliographical references and index 
650 0 0 |a Economics  |x Moral and ethical aspects. 
700 1 |a McPherson, Michael S. 
830 0 |a Cambridge surveys of economic literature 
852 |a INST  |b LESVOS  |e 19991215  |h 330 HAU  |p 005100018866  |q 005100018866  |t BK  |y 0 
901 |a BIBL1-2000-1 
909 |a Λ  |b 071558 
922 |a 1ΕΛΗ  |b 199912  |c ΚΠΣ/ΠΜΣ  |d ΠΑΠΑΣΩΤΗΡΙΟΥ 
950 |a 157-1999-08-24 
970 |a ΚΑΜΑΤΣΟΥ  |b ΔΕΣΠΟΙΝΑ  |z 2000/01/08